Obras completas (Record no. 169771)
[ view plain ]
| 000 -LEADER | |
|---|---|
| campo de control de longitud fija | 00960nam a2200229 i 4500 |
| 001 - NÚMERO DE CONTROL | |
| campo de control | 169771 |
| 003 - IDENTIFICADOR DE NÚMERO DE CONTROL | |
| campo de control | ES-MaACL |
| 005 - FECHA Y HORA DE LA ÚLTIMA TRANSACCIÓN | |
| campo de control | 20231227160948.0 |
| 008 - DATOS DE LONGITUD FIJA--INFORMACIÓN GENERAL | |
| campo de control de longitud fija | 081125s1958 sp o |||| | spa d |
| 100 1# - ENTRADA PRINCIPAL--NOMBRE DE PERSONA | |
| Nombre de persona | Benavente, Jacinto, |
| Fechas asociadas al nombre | 1866-1954 |
| 9 (RLIN) | 27443 |
| 245 10 - MENCIÓN DEL TÍTULO | |
| Título | Obras completas |
| Resto del título | : con una nota preliminar del autor en el tomo I / |
| Mención de responsabilidad, etc. | Jacinto Benavente. |
| 260 ## - PUBLICACIÓN, DISTRIBUCIÓN, ETC. | |
| Lugar de publicación, distribución, etc. | Madrid : |
| Nombre del editor, distribuidor, etc. | Aguilar, |
| Fecha de publicación, distribución, etc. | 1958. |
| 300 ## - DESCRIPCIÓN FÍSICA | |
| Extensión | 1 v. (1128 p. : |
| Otras características físicas | 1 fot.) ; |
| Dimensiones | 14 cm. |
| 490 1# - MENCIÓN DE SERIE | |
| Mención de serie | Joya |
| 500 ## - NOTA GENERAL | |
| Nota general | En port.: Premio Nobel de Literatura 1922. |
| 500 ## - NOTA GENERAL | |
| Nota general | Índices. |
| 505 8# - NOTA DE CONTENIDO CON FORMATO | |
| Nota de contenido con formato | Contiene: T. XI. Artículos ; Prólogos y cartas ; Conferencias, discursos y palabras ; Padre nuestro ; Edipo, Hamlet, Segismundo ; Bromas y veras ; Horas de sol ; Ganimedes ; Entrevistas ; Un señor que renuncia al mundo ; Recuerdos y olvidos (memorias) |
| 599 ## - NOTA A LAS ILUSTRACIONES | |
| NOTA A LAS ILUSTRACIONES | Fot. de Jacinto Benavente. |
| 830 0# - PUNTO DE ACCESO ADICIONAL DE SERIE-TÍTULO UNIFORME | |
| Título uniforme | Joya |
| 9 (RLIN) | 188875 |
| 852 ## - LOCALIZACIÓN | |
| Ubicación | ES-MaACL |
| Número de control de estantería | E-12326 |
| Estatus retirado | Estado de pérdida | Estado de daño | No para préstamo | Biblioteca de origen | Biblioteca actual | Ubicación en estantería | Fecha de adquisición | Fuente de adquisición | Total de préstamos | Signatura topográfica completa | Código de barras | Visto por última vez | Precio de reemplazo | Tipo de ítem Koha |
|---|---|---|---|---|---|---|---|---|---|---|---|---|---|---|
| Biblioteca del Ateneo de Madrid | Biblioteca del Ateneo de Madrid | Depósito 2 | 25/11/2008 | E-12326 | 1178242 | 23/02/2023 | 23/02/2023 | Libro impreso |
